000 00362nam a2200145Ia 4500
008 191201s2005 xx 000 0 und d
082 _a823.914
_bROH
100 _aROWLING, J K
245 0 _aHarry Potter and The Half Blood Prince
250 _a1st
260 _aN.Delhi
_bBloomsbury London
_c2005
300 _a607
650 _aGeneral Books
942 _2ddc
_cBK
999 _c1853
_d1853